000 00430nam a2200145 i 4500
001 bg
245 0 _aThe world of Learning 1979-80.
_nVol. 2,
_pRomania-Zimbabwe Rhodesia.
250 _aEd.30.
260 _aLondon,
_c1979.
040 _cBPK
041 _apol
942 _cKS
008 s pl f |000 0 pol
856 _uhttp://koha.tu.koszalin.pl/cgi-bin/koha/opac-detail.pl?biblionumber=27940
_yKatalog online BPK
999 _c27940
_d27940